Trends and developments in science, social science and humanities / (Record no. 143428)

MARC details
000 -LEADER
fixed length control field 00577nam a22001817a 4500
005 - DATE AND TIME OF LATEST TRANSACTION
control field 20170816154735.0
010 ## - LCCN (DPL NO)
LC control number ENG-119826
020 ## - INTERNATIONAL STANDARD BOOK NUMBER
International Standard Book Number 9788180642319
Terms of availability 300.00
035 ## - SYSTEM CONTROL NUMBER
System control number EN-103358
037 ## - SOURCE OF ACQUISITION
Source of stock number/acquisition DBAD/PUB
082 ## - DEWEY DECIMAL CLASSIFICATION NUMBER
Classification number 300
245 ## - TITLE STATEMENT
Title Trends and developments in science, social science and humanities /
Statement of responsibility, etc edited by Gour Chandra Ghosh
260 ## - PUBLICATION, DISTRIBUTION, ETC. (IMPRINT)
Place of publication, distribution, etc Kolkata
Name of publisher, distributor, etc Progressive Publishers
Date of publication, distribution, etc 2015
270 ## - ADDRESS
Address 37A, College Street
City Kolkata
Postal code 700073
300 ## - PHYSICAL DESCRIPTION
Extent 420p.:
Dimensions 22cm(pbk)
Other physical details ill.
700 ## - ADDED ENTRY--PERSONAL NAME
Personal name Ghosh, Gour Chandra
942 ## - ADDED ENTRY ELEMENTS (KOHA)
Source of classification or shelving scheme Dewey Decimal Classification
Item type English Books
Classification part 300
Call number suffix TRE
Holdings
Withdrawn status Lost status Not for loan Collection code Home library Current library Date acquired Source of acquisition Cost, normal purchase price Full call number Barcode Copy number Cost, replacement price Koha item type
      Non-fiction Bawana Bawana 16/08/2017 DBAD/PUB 300.00 300 TRE EN-103358 1 300.00 English Books

© Delhi Public Library
Hit Counter
free hit counter